Top 30 : SZA - Statistiques

Statistiques générales
  • Ce quiz a été pris 41 fois
  • Le résultat moyen est 13 sur 30
Statistiques - réponses
Top Titres Featuring % Correct
2 Kill Bill
88%
7 luther Kendrick Lamar
81%
1 All The Stars Kendrick Lamar
78%
3 Kiss Me More Doja Cat
75%
9 Love Galore Travis Scott
69%
4 Snooze
66%
24 Consideration Rihanna
56%
5 Good Days
56%
13 The Weekend
56%
18 The Weekend - Funk Wav Remix Calvin Harris, Funk Wav
56%
12 Open Arms Travis Scott
53%
23 No Love Summer Walker
47%
16 Rich Baby Daddy Drake, Sexyy Red
47%
10 Saturn
47%
19 TELEKINESIS Travis Scott, Future
47%
15 Shirt
41%
20 Drew Barrymore
38%
8 Nobody Gets Me
34%
11 Broken Clocks
31%
14 Low
31%
26 Supermodel
31%
22 Blind
28%
17 I Hate U
28%
28 Garden (Say It Like Dat)
25%
21 Normal Girl
25%
29 Hit Different The Neptunes, Pharrell Williams, Ty Dolla $ign
22%
6 What Lovers Do Maroon 5
19%
25 Homemade Dynamite - REMIX Lorde, Khalid, Post Malone
13%
27 BMF
6%
30 Awkward
3%
Aucun quiz correspondant
Distribution des résultats
% des personnes avec chaque résultat
Percentile par nombre de réponses
Votre historique - résultats
Vous n’avez pas pris ce quiz